LEADER 01118nas a2200265 i 4500 001 000000152546 003 CaOOAMICUS 005 20060911000000.0 008 060810b2001 gw uu u0 0mul r 013 $a129887 040 $aSeMil$bita 245 10$a2001 /$cin Verbindung mit Evangelos Chrysos ... [et al.] ; herausgegeben von Walter Brandmüller ; Schriftleitung Johannes Grohe. 260 $aPaderborn :$bFerdinand Schöningh,$c2001. 300 $a[4], 479 p. :$b[7] p. di tav. ;$c24 cm. 700 1 $aChrysos, Evangelos.$0(OLS)http://semarc/name/59803 700 1 $aGrohe, Johannes.$0(OLS)http://semarc/name/44018 700 1 $aBrandmüller, Walter,$c.$0(OLS)http://semarc/name/18 774 0 $t33. Jahrgang, 2001.$w()264793 774 0 $tHeft 1.$w()264794 774 0 $tHeft 2.$w()264795 850 $aSeMil 852 $aSeMil$W1$xVenegono$y1$m184 5 31$j104500$B104500$CSeMilBibl$Z2$F114249 $85 961 $aAcquisto: Schöningh 996 $6245$a2001$9(OLS)http://semarc/title/192917 996 $6260$aPaderborn :$bFerdinand Schöningh$9(OLS)http://semarc/publisher/31027 LEADER 01183nam a2200277 i 4500 001 000000192615 003 CaOOAMICUS 005 20141218000000.0 008 141218s1959 it u000 u ita u 013 $a171211 040 $aSeMil$bita 100 1 $aMarchetti, Leopoldo.$0(OLS)http://semarc/name/14338 245 10$aMilano 1859 /$cLeopoldo Marchetti. 260 $aCinisello Balsamo (Milano) :$bPizzi,$c1959. 300 $a119 p., [26] c. di tav. :$bill. ;$c27 cm. 490 0 $aStrenne dell'Istituto Ortopedico Gaetano Pini 500 $aEsemplare n. 3 di ed. numerata. - Fondo card. Giovanni Colombo. 650 4$aMilano - Storia - Sec. 19.$0(OLS)http://semarc/subject/4456 650 4$aRisorgimento italiano - 1859.$0(OLS)http://semarc/subject/26388 830 0$aStrenne dell'Istituto Ortopedico Gaetano Pini.$0(OLS)http://semarc/title/42396 850 $aSeMil 852 $aSeMil$W1$xVenegono$y1$m3GC VIII 29$j143190$B143190$CSeMilBibl$Z2$F154566 $8B 941 1 $a3 961 $aLascito: Colombo Card. Giovanni 996 $6245$aMilano 1859$9(OLS)http://semarc/title/277642 996 $6260$aCinisello Balsamo (Milano) :$bPizzi$9(OLS)http://semarc/publisher/44803